• 首页
  • 本馆介绍
  • 公告通知
  • 最新文献
  • 馆藏检索
  • 电子资源
  • 读者导购
  • 参考咨询
  • 我的图书馆
  • 登录
  • 详细信息显示
  • 放入我的书架
  • 预约/预借图书
  • 作者相关作品
  • 分类相关作品
  • 丛书相关作品
  • 出版社相关作品

书目信息

  • 表格格式
  • 工作单格式
  • 卡片格式
题名:
铁花仙史
    
 
作者: 沈锡麟 校点
分册:  
出版信息: 沈阳   春风文艺出版社  1985
页数: 266页
开本: 19cm
丛书名: 明末清初小说选刊
单 册:
中图分类: I242.47 , I242.4
科图分类:
主题词: 古典小说--中国--清代 , 章回小说--中国--清代 , 长篇小说--中国--清代 , 小说--中国
电子资源:
ISBN:
000 00808nam2 2200313 45
001 0185005563
005 20030104040128.6
010    @dCNY1.70
091    @a10158.891
100    @a19901101d1985 em y0chiy0121 ea
101 0  @achi
102    @aCN@b210000
105    @ay z 000ay
106    @ar
200 10 @a铁花仙史@Atie hua xian shi@f沈锡麟校点
210    @a沈阳@c春风文艺出版社@d1985
215    @a266页@d19cm
225 2  @a明末清初小说选刊
410  0 @120010@a明末清初小说选刊
606    @a古典小说@y中国@z清代
606    @a章回小说@y中国@z清代
606    @a长篇小说@y中国@z清代
606 0  @a小说@x中国
690    @aI242.47@v3
690    @aI242.4
701  0 @a沈锡麟@Ashen xi lin@4校点
801  0 @aCN@b深圳图书馆@c20030104
801  2 @aCN@bNLC@c20030104
905    @dI242.4@e143
    
    铁花仙史/沈锡麟校点.-沈阳:春风文艺出版社,1985
    266页;19cm.-(明末清初小说选刊)
    
    
    ISBN :CNY1.70
    
●
相关链接 在E读中查询图书 在五车中查询图书 在当当中查询图书 在豆瓣中查询图书


正题名:铁花仙史     索取号:I242.4/143         预约/预借

序号 登录号 条形码 馆藏地/架位号 状态 备注
1 0238216   000112513   第二借阅区/ [索取号:I242.4/143] 在馆    
2 0238218   000112498   第一样本阅览室/ [索取号:I242.4/143] 在馆    
唐山师范学院图书馆 欢迎您!
大连网信软件有限公司© 版权所有